Fürst Bismarcks entlassung (Record no. 6592)

MARC details
000 -CABECERA
campo de control de longitud fija 01062nam a2200253 a 4500
001 - NÚMERO DE CONTROL
campo de control BRCA_6910
005 - FECHA Y HORA DE LA ÚLTIMA TRANSACCIÓN
campo de control 20190320205634.0
008 - DATOS DE LONGITUD FIJA--INFORMACIÓN GENERAL
campo de control de longitud fija 161111s1920----gw-c######---#000-0#ger-#
041 ## - CÓDIGO DE LENGUA
Código de lengua del texto/banda sonora o título independiente ger
044 ## - CÓDIGO DEL PAÍS DE LA ENTIDAD EDITORA/PRODUCTORA
Código MARC del país gw
050 #4 - SIGNATURA TOPOGRÁFICA DE LA BIBLIOTECA DEL CONGRESO
Número de clasificación DD218
Número de documento/Ítem .F87 1920
245 10 - MENCIÓN DE TÍTULO
Título Fürst Bismarcks entlassung
Resto del título nach den hinterlassenen, bisher unveröffentlichten aufzeichnungen des staatssekretärs des innern, staatsministers dr. Karl Heinrich von Boetticher und des chefs der Reichskanzlei unter dem fürsten Bismarck dr. Franz Johannes von Rottenburg
Mención de responsabilidad, etc. herausgegeben von Georg Freiherrn von Eppstein.
260 ## - PUBLICACIÓN, DISTRIBUCIÓN, ETC.
Lugar de publicación, distribución, etc. Berlín
Nombre del editor, distribuidor, etc. A. Scherl
Fecha de publicación, distribución, etc. c1920
300 ## - DESCRIPCIÓN FÍSICA
Extensión 237 p.
Otras características físicas il.
Dimensiones 23 cm.
500 ## - NOTA GENERAL
Nota general Estado físico: lomo mutilado
500 ## - NOTA GENERAL
Nota general O106
600 14 - PUNTO DE ACCESO ADICIONAL DE MATERIA--NOMBRE DE PERSONA
Nombre de persona Bismarck, Otto, Furst von
Fechas asociadas al nombre 1815-1898
9 (RLIN) 17211
651 #4 - PUNTO DE ACCESO ADICIONAL DE MATERIA--NOMBRE GEOGRÁFICO
Nombre geográfico Alemania
Subdivisión general Política y gobierno
Subdivisión cronológica 1871
9 (RLIN) 17212
700 1# - PUNTO DE ACCESO ADICIONAL--NOMBRE DE PERSONA
Nombre de persona Boetticher, Karl Heinrich von
Fecha de publicación/de la obra 1833-1907
9 (RLIN) 17213
700 1# - PUNTO DE ACCESO ADICIONAL--NOMBRE DE PERSONA
Nombre de persona Rottenburg, Franz Johannes von
Fechas asociadas al nombre 1845-1907
9 (RLIN) 17214
700 1# - PUNTO DE ACCESO ADICIONAL--NOMBRE DE PERSONA
Nombre de persona Eppstein, Georg, Freiherrn von
Término indicativo de función/relación ed.
9 (RLIN) 17215
902 ## - CATALOGADOR
Iniciales GFM
942 ## - ELEMENTOS DE PUNTO DE ACCESO ADICIONAL (KOHA)
Fuente del sistema de clasificación o colocación Library of Congress Classification
Tipo de ítem Koha Libros
Holdings
Estado de retiro Estado de pérdida Estado dañado No para préstamo Localización permanente Ubicación/localización actual Fecha de adquisición Número de inventario Total de préstamos Signatura topográfica completa Código de barras Fecha visto por última vez Precio válido a partir de Tipo de ítem Koha
El ejemplar forma parte de la colección y puede ser consultado según las políticas vigentes.       Biblioteca del Museo Franz Mayer (Rogerio Casas-Alatriste) Biblioteca del Museo Franz Mayer (Rogerio Casas-Alatriste) 16/11/2011 O106   DD218 .F87 1920 (O106) 7357 22/03/2019 22/03/2019 Libros